Top 15 Most Popular Countries by Premier League Players in History - Statistics

General Stats
  • This quiz has been taken 290 times
  • The average score is 13 of 15
Answer Stats
Rank Country # % Correct
1st England 2,179
99%
4th France 254
99%
10th Italy 97
96%
5th Spain 185
96%
13th Germany 92
94%
2nd Scotland 265
93%
3rd Ireland 260
91%
9th Portugal 112
90%
8th Brazil 133
88%
7th Netherlands 169
88%
6th Wales 174
88%
14th Argentina 91
87%
12th Northern Ireland 95
74%
15th Norway 83
73%
11th Denmark 96
72%
No matching quizzes found
Score Distribution
Percent of People with Each Score
Percentile by Number Answered
Your Score History
You have not taken this quiz